000 00312nam a2200145Ia 4500
100 _aGIBLIN/LESS
650 _aCommunication skills
942 _cBK
366 _f20
245 _aHOW TO HAVE CONFIDENCE
260 _bMANJUL PUBL.
_aNew Delhi
_c2012
082 _a170/GIB
300 _a665
546 _aENGLISH
999 _c35289
_d35289